ක්ෂුද්ර ජීවින් /
Saved in:
| Main Author: | |
|---|---|
| Format: | Book |
| Language: | Sinhalese |
| Published: |
නුගේගොඩ:
සොබාදම් ප්රකාශකයෝ,
2019
|
| Subjects: | |
| Tags: |
Add Tag
No Tags, Be the first to tag this record!
|
MARC
| LEADER | 00000nam a22000007a 4500 | ||
|---|---|---|---|
| 008 | 210425b ||||| |||| 00| 0 sind | ||
| 020 | |a 9789551414122 | ||
| 041 | |h sin | ||
| 082 | |a 590 |b විජේවි | ||
| 100 | |a විජේවික්රම,ජයන්ත | ||
| 245 | |a ක්ෂුද්ර ජීවින් / | ||
| 246 | |a Sudra Jeevin /Vijevikrame,Jayantha | ||
| 260 | |a නුගේගොඩ: |b සොබාදම් ප්රකාශකයෝ, |c 2019 | ||
| 300 | |a පි.56: |b චිත්ර : |c සෙ.මි.21 | ||
| 650 | |a සත්ත්ව විද්යාව | ||
| 942 | |c REF | ||
| 999 | |c 32804 |d 32804 | ||